Países que produzem a maior parte da cana-de-açúcar - Statistics

Estatísticas Gerais
  • Esse quiz foi jogado 61 vezes
  • A pontuação média é 14 de 20
Estatísticas das Respostas
milhões de
toneladas
país % Correto
759 Brasil
100%
34,6 Colômbia
93%
30,2 Estados Unidos
91%
104 China
87%
306 Índia
87%
57,0 México
85%
19,2 Argentina
83%
9,40 Peru
83%
21,2 Indonésia
80%
9,03 Equador
78%
103 Tailândia
76%
36,6 Austrália
70%
16,1 Cuba
70%
18,4 Vietname
69%
29,3 Filipinas
67%
17,4 África do Sul
56%
73,4 Paquistão
46%
10,4 Birmânia
43%
33,8 Guatemala
43%
15,3 Egito
33%
Nenhum quiz correspondente encontrado
Distribuição das Pontuações
Porcentagem de Pessoas com Cada Pontuação
Percentil de Números Respondidos
Sua Pontuação Histórica
Você não jogou esse quiz